000 00350nam a22001217a 4500
003 NUST
082 _a344.0095491
_bPLC
245 _aPakistan Labour Cases 1971 /
_cFounded by Malik Mir Muhammad and Edited by Kazi Abdul Hamid et all
260 _aLahore :
_bPLD Publishers,
_c1971.
300 _a909 p. ;
_c23 cm.
563 _aHB.
942 _2ddc
_cCR
_s1
999 _c595076
_d595076